00487nam a2200169Ia 450000500170000000800410001702000180005808200130007610000170008924500170010626000440012330000130016765000180018094200060019895200980020499900150030220250317165157.0240331s9999 xx 000 0 und d a9788189359751 bJEEa891 aJeesudasan,H 0aPuttam Viitu aNagarcoilbKalachuvadu pathipagamc2009 a157 p ., aShort Stories cL 001040708LaWERCLbWERCLcSSCd2024-03-31l0o 891.48 JEEp6623r2024-03-31w2024-03-31yL c5421d5421